书目信息 |
| 题名: |
跟专家练羽毛球
|
|
| 作者: | 彭美丽 编著 | |
| 分册: | ||
| 出版信息: | 北京 北京体育大学出版社 1998.08 |
|
| 页数: | 205页 | |
| 开本: | 32开 | |
| 丛书名: | ||
| 单 册: | ||
| 中图分类: | G847 | |
| 科图分类: | ||
| 主题词: | 球类运动 | |
| 电子资源: | ||
| ISBN: | 7-81051-281-1 | |
| 000 | 00559nam0 2200193 45 | |
| 001 | 0104161018 | |
| 005 | 20010416100425.9 | |
| 010 | @a7-81051-281-1@d14.80元 | |
| 100 | @a20010416d1998 km y0chiy0120 ea | |
| 101 | 0 | @achi |
| 105 | @a z 000yy | |
| 200 | 1 | @a跟专家练羽毛球@AGen Zhuan Jia Lian Yu Mao Qiu@f彭美丽等编著@FPeng Mei Li Deng Bian Zhu |
| 210 | @a北京@c北京体育大学出版社@d1998.08 | |
| 215 | @a205页@d32开 | |
| 606 | 0 | @a球类运动 |
| 690 | @aG847@v3 | |
| 701 | 0 | @a彭美丽@4编著 |
| 801 | @aCN@bPftUser@c20010416 | |
| 905 | @b338456-458@dG847@eP454@f3 | |
| 跟专家练羽毛球/彭美丽等编著.-北京:北京体育大学出版社,1998.08 |
| 205页;32开 |
| ISBN 7-81051-281-1:14.80元 |
| ● |
| 相关链接 |
|
|
|
正题名:跟专家练羽毛球
索取号:G847/P454
 
预约/预借
| 序号 | 登录号 | 条形码 | 馆藏地/架位号 | 状态 | 备注 |
| 1 | 338456 | 203384569 | 社科库409/409社科库 24排2列2层/ [索取号:G847/P454] | 在馆 | |
| 2 | 338457 | 203384578 | 社科库409/409社科库 24排2列2层/ [索取号:G847/P454] | 在馆 | |
| 3 | 338458 | 203384587 | 社科库409/409社科库 24排2列2层/ [索取号:G847/P454] | 在馆 |